| 000 | 00593nam a22001937a 4500 | ||
|---|---|---|---|
| 005 | 20251108172449.0 | ||
| 008 | 250721s9999 xx 000 0 ara d | ||
| 082 | 1 | 4 | _aم/415/سيب |
| 100 | 1 | _aسيبويه، ابو بشر عمر بن عثمان...الفارسي | |
| 245 | 1 | 0 | _aكتاب سيبويه / |
| 250 | _aط3. | ||
| 264 | 1 |
_aالقاهرة : _bمكتبة الخانجي، |
|
| 300 | _a5ج. | ||
| 650 | 1 | 7 | _aاللغة العربية |
| 650 | 1 | 7 | _aقواعد اللغة |
| 700 | 1 |
_aهارون، عبد السلام محمد _eمحقق |
|
| 942 |
_2ddc _cREF |
||
| 999 |
_c80002 _d80002 |
||